000 00502nam a2200181Ia 4500
005 20250508162940.0
008 008 250505s9999 xx 000 0 eng d
037 _aTextual
040 _aFEDL
_beng
_cFEDL
041 _aeng
_2eng
084 _a303.4, LYO
_qFEDL
100 _aLyotard Francois-Jean
_9774490
245 0 _aToward the postmodern
260 _aNew Jersey, USA
_bHumanities Press
_c1993
300 _axvii,256p.
942 _cTEXL
_h303.4, LYO
999 _c1379589
_d1379589